<?xml version="1.0" encoding="UTF-8"?>
<record
    xmlns:xsi="http://www.w3.org/2001/XMLSchema-instance"
    xsi:schemaLocation="http://www.loc.gov/MARC21/slim http://www.loc.gov/standards/marcxml/schema/MARC21slim.xsd"
    xmlns="http://www.loc.gov/MARC21/slim">

  <leader>00595nam a22001577a 4500</leader>
  <controlfield tag="003">OSt</controlfield>
  <controlfield tag="005">20150914085333.0</controlfield>
  <controlfield tag="008">150914b        xxu||||| |||| 00| 0 eng d</controlfield>
  <datafield tag="040" ind1=" " ind2=" ">
    <subfield code="c">RUA</subfield>
  </datafield>
  <datafield tag="082" ind1=" " ind2=" ">
    <subfield code="a">AGR KON 1998 B021 Or.1</subfield>
  </datafield>
  <datafield tag="100" ind1=" " ind2=" ">
    <subfield code="9">421</subfield>
    <subfield code="a">KONG KEA</subfield>
  </datafield>
  <datafield tag="245" ind1=" " ind2=" ">
    <subfield code="a">Farmer field school on tomato inn kiensvay district kandal province &#x179F;&#x17B6;&#x179B;&#x17B6;&#x179A;&#x17C0;&#x1793;&#x179F;&#x17D2;&#x179A;&#x17C2;&#x1780;&#x179F;&#x17B7;&#x1780;&#x179A;&#x179B;&#x17BE;&#x178A;&#x17C6;&#x178E;&#x17B6;&#x17C6;&#x1794;&#x17C9;&#x17C1;&#x1784;&#x1794;&#x17C9;&#x17C4;&#x17C7;&#x1793;&#x17C5;&#x179F;&#x17D2;&#x179A;&#x17BB;&#x1780;&#x1782;&#x17C0;&#x1793;&#x179F;&#x17D2;&#x179C;&#x17B6;&#x1799; &#x1781;&#x17C1;&#x178F;&#x17D2;&#x178A;&#x1780;&#x178E;&#x17D2;&#x178A;&#x17B6;&#x179B;&#x179B;</subfield>
  </datafield>
  <datafield tag="260" ind1=" " ind2=" ">
    <subfield code="a">Phnom Penh</subfield>
    <subfield code="b">RUA</subfield>
    <subfield code="c">1998</subfield>
  </datafield>
  <datafield tag="300" ind1=" " ind2=" ">
    <subfield code="a">85p.</subfield>
    <subfield code="b">ill.</subfield>
    <subfield code="c">29cm.</subfield>
  </datafield>
  <datafield tag="942" ind1=" " ind2=" ">
    <subfield code="2">ddc</subfield>
    <subfield code="c">AGR</subfield>
  </datafield>
  <datafield tag="999" ind1=" " ind2=" ">
    <subfield code="c">401</subfield>
    <subfield code="d">401</subfield>
  </datafield>
  <datafield tag="952" ind1=" " ind2=" ">
    <subfield code="0">0</subfield>
    <subfield code="1">0</subfield>
    <subfield code="2">ddc</subfield>
    <subfield code="4">0</subfield>
    <subfield code="6">AGR_KON_1998_000000000000000_B021_OR_1</subfield>
    <subfield code="7">0</subfield>
    <subfield code="9">1833</subfield>
    <subfield code="a">LBB</subfield>
    <subfield code="b">LBB</subfield>
    <subfield code="c">B021</subfield>
    <subfield code="d">2015-09-14</subfield>
    <subfield code="o">AGR KON 1998 B021 Or.1</subfield>
    <subfield code="p">RUA005187</subfield>
    <subfield code="r">2015-09-14</subfield>
    <subfield code="w">2015-09-14</subfield>
    <subfield code="y">AGR</subfield>
  </datafield>
  <datafield tag="952" ind1=" " ind2=" ">
    <subfield code="0">0</subfield>
    <subfield code="1">0</subfield>
    <subfield code="2">ddc</subfield>
    <subfield code="4">0</subfield>
    <subfield code="6">AGR_KON_1998_000000000000000_B021_OR_2</subfield>
    <subfield code="7">0</subfield>
    <subfield code="9">1834</subfield>
    <subfield code="a">LBB</subfield>
    <subfield code="b">LBB</subfield>
    <subfield code="c">B021</subfield>
    <subfield code="d">2015-09-14</subfield>
    <subfield code="o">AGR KON 1998 B021 Or.2</subfield>
    <subfield code="p">RUA004085</subfield>
    <subfield code="r">2015-09-14</subfield>
    <subfield code="w">2015-09-14</subfield>
    <subfield code="y">AGR</subfield>
  </datafield>
  <datafield tag="952" ind1=" " ind2=" ">
    <subfield code="0">0</subfield>
    <subfield code="1">0</subfield>
    <subfield code="2">ddc</subfield>
    <subfield code="4">0</subfield>
    <subfield code="6">AGR_KON_1998_000000000000000_B021_OR_3</subfield>
    <subfield code="7">0</subfield>
    <subfield code="9">1835</subfield>
    <subfield code="a">LBB</subfield>
    <subfield code="b">LBB</subfield>
    <subfield code="c">B021</subfield>
    <subfield code="d">2015-09-14</subfield>
    <subfield code="l">1</subfield>
    <subfield code="o">AGR KON 1998 B021 Or.3</subfield>
    <subfield code="p">RUA004089</subfield>
    <subfield code="r">2018-11-30</subfield>
    <subfield code="s">2018-11-16</subfield>
    <subfield code="w">2015-09-14</subfield>
    <subfield code="y">AGR</subfield>
  </datafield>
  <datafield tag="952" ind1=" " ind2=" ">
    <subfield code="0">0</subfield>
    <subfield code="1">0</subfield>
    <subfield code="2">ddc</subfield>
    <subfield code="4">0</subfield>
    <subfield code="6">AGR_KON_1998_000000000000000_B021_OR_4</subfield>
    <subfield code="7">0</subfield>
    <subfield code="9">5794</subfield>
    <subfield code="a">LBB</subfield>
    <subfield code="b">LBB</subfield>
    <subfield code="c">B021</subfield>
    <subfield code="d">2015-09-27</subfield>
    <subfield code="o">AGR KON 1998 B021 Or.4</subfield>
    <subfield code="r">2015-09-27</subfield>
    <subfield code="w">2015-09-27</subfield>
    <subfield code="y">AGR</subfield>
  </datafield>
</record>
